[Event "OP-2011-0-01705"]
[Site "LSS email"]
[Date "2011.08.06"]
[Round "?"]
[White "Bolio, Mika"]
[Black "Vodicka, Milan"]
[Result "1/2-1/2"]
[WhiteElo "800"]
[BlackElo "1811"]
[PlyCount "70"]
[EventDate "2011.08.03"]
[EventType "tourn (corr)"]
[EventRounds "4"]
[EventCountry "GER"]
[SourceTitle "Telechess CBM 151"]
[Source "ChessBase"]
[SourceDate "2012.11.13"]
[SourceVersion "1"]
[SourceVersionDate "2012.11.13"]
[SourceQuality "1"]

1. c3 d5 2. g3 e5 3. Bg2 Nf6 4. d3 Be7 5. Nf3 Nc6 6. 0-0 0-0 7. Nbd2 h6 8. Qc2 Bf5 9. e4 Bh7 10. Re1 dxe4 11. dxe4 Qd7 12. Nh4 Rfd8 13. Bf1 Ng4 14. h3 Bxh4 15. gxh4 Nf6 16. f3 Nh5 17. Nc4 Qe7 18. Qf2 b5 19. Ne3 Nf4 20. Nc2 Nd3 21. Bxd3 Rxd3 22. Be3 Qe6 23. Kh2 Rad8 24. Qg2 Bg6 25. Rg1 Qf6 26. Qg4 h5 27. Qg3 Qe6 28. Rg2 a5 29. Bg5 R8d7 30. Be3 b4 31. cxb4 axb4 32. Qf2 Qf6 33. Kg3 Kh7 34. Ne1 R3d6 35. Nc2 Qe6 1/2-1/2